<?xml version="1.0" encoding="UTF-8"?>
<record
    xmlns:xsi="http://www.w3.org/2001/XMLSchema-instance"
    xsi:schemaLocation="http://www.loc.gov/MARC21/slim http://www.loc.gov/standards/marcxml/schema/MARC21slim.xsd"
    xmlns="http://www.loc.gov/MARC21/slim">

  <leader>01544nam a22001337a 4500</leader>
  <datafield tag="999" ind1=" " ind2=" ">
    <subfield code="c">533178</subfield>
    <subfield code="d">533178</subfield>
  </datafield>
  <controlfield tag="008">260428b           ||||| |||| 00| 0 eng d</controlfield>
  <datafield tag="100" ind1=" " ind2=" ">
    <subfield code="a">Rani, Varsha and Ugargol, Allen Prabhaker</subfield>
    <subfield code="9">60295</subfield>
  </datafield>
  <datafield tag="245" ind1=" " ind2=" ">
    <subfield code="a">Sanctuary in numbers or security in personal income? : Decoupling the effects of financial independence and family size on the mental health of older adults</subfield>
  </datafield>
  <datafield tag="260" ind1=" " ind2=" ">
    <subfield code="a">Economic &amp; Political Weekly </subfield>
  </datafield>
  <datafield tag="300" ind1=" " ind2=" ">
    <subfield code="a"> 61(9), Feb 28, 2026: p.85-91</subfield>
  </datafield>
  <datafield tag="520" ind1=" " ind2=" ">
    <subfield code="a">India&#x2019;s policy framework relies on the increasingly tenuous premise that the multigenerational household functions as a sufficient safety net. This paper critiques the conflation of household economic status with individual well-being. Using data from the Longitudinal Ageing Study in India, we decouple the effects of financial autonomy and household structure. Stratified analysis reveals a dual reality: first, a &#x201C;universal autonomy&#x201D; effect, where individual income reduces distress odds across all strata, confirming that household wealth is no substitute for personal agency. Second, &#x201C;sanctuary in numbers&#x201D; operates as a graded necessity, existential for the poor but attenuated for the wealthy. These findings demand a paradigm shift from poverty-targeted schemes to universal social pensions that recognise financial autonomy as a distinct determinant of mental health.-Reproduced 


https://www.epw.in/journal/2026/9/ageing-health-and-social-security/sanctuary-numbers-or-security-personal-income.html
</subfield>
  </datafield>
  <datafield tag="773" ind1=" " ind2=" ">
    <subfield code="a">Economic &amp; Political Weekly </subfield>
  </datafield>
  <datafield tag="942" ind1=" " ind2=" ">
    <subfield code="c">AR</subfield>
  </datafield>
  <datafield tag="952" ind1=" " ind2=" ">
    <subfield code="0">0</subfield>
    <subfield code="1">0</subfield>
    <subfield code="2">ddc</subfield>
    <subfield code="4">0</subfield>
    <subfield code="7">0</subfield>
    <subfield code="9">408349</subfield>
    <subfield code="a">IIPA</subfield>
    <subfield code="b">IIPA</subfield>
    <subfield code="d">2026-04-28</subfield>
    <subfield code="h">61(9), Feb 28, 2026: p.85-91</subfield>
    <subfield code="p">AR138690</subfield>
    <subfield code="r">2026-04-28</subfield>
    <subfield code="y">AR</subfield>
  </datafield>
</record>
